Statistics for We don't fly there part1!

Click here to take the quiz!

General Stats

  • This quiz has been taken 25 times
    (8 since last reset)
  • The average score is 10 of 13

Answer Stats

% Correct
Latvia
100%
Lithuania
100%
Ukraine
100%
Belarus
88%
Russia
88%
Slovakia
88%
Bosnia and Herzegovina
75%
Moldova
75%
Ireland
63%
Armenia
50%
Azerbaijan
50%
Georgia
50%
Romania
50%

Score Distribution

Percentile by Number Answered

Percent of People with Each Score

Your Score History

You have not taken this quiz since the last reset